Parliamentary Procedure Abstract Series 8 (Record no. 2035)
[ view plain ]
| 000 -LEADER | |
|---|---|
| fixed length control field | 00385nam a22001217a 4500 |
| 008 - FIXED-LENGTH DATA ELEMENTS--GENERAL INFORMATION | |
| fixed length control field | 230621b xxu||||| |||| 00| 0 eng d |
| 082 ## - DEWEY DECIMAL CLASSIFICATION NUMBER | |
| Classification number | 328.03 |
| Item number | NAZ |
| 110 ## - MAIN ENTRY--CORPORATE NAME | |
| Subordinate unit | National Assembly of Zambia |
| 245 ## - TITLE STATEMENT | |
| Title | Parliamentary Procedure Abstract Series 8 |
| Remainder of title | Office of the clerk of the National Assembly |
| 260 ## - PUBLICATION, DISTRIBUTION, ETC. (IMPRINT) | |
| Name of publisher, distributor, etc. | National Assembly Research Department |
| Date of publication, distribution, etc. | 1995 |
| 300 ## - PHYSICAL DESCRIPTION | |
| Extent | 4p |
| 942 ## - ADDED ENTRY ELEMENTS (KOHA) | |
| Source of classification or shelving scheme | Dewey Decimal Classification |
| Koha item type | Books |
| Withdrawn status | Lost status | Source of classification or shelving scheme | Damaged status | Not for loan | Home library | Current library | Date acquired | Total Checkouts | Full call number | Barcode | Date last seen | Price effective from | Koha item type |
|---|---|---|---|---|---|---|---|---|---|---|---|---|---|
| Dewey Decimal Classification | County Hall Archives | County Hall Archives | 06/21/2023 | 328.03 NAZ | 10014203 | 06/21/2023 | 06/21/2023 | Books |
